000 00414pab a2200145 454500
008 180718b1998 xxu||||| |||| 00| 0 eng d
100 _aEley, Geoff
245 _aSocialism by any other name?: illusions and renewal in the history of the Western European left (review article)
260 _c1998
300 _ap.97-115
362 _aJan-Feb
650 _aSocialism
773 _aNew Left Review
909 _a37088
999 _c37088
_d37088